<?xml version="1.0" encoding="UTF-8"?>
<collection xmlns="http://www.loc.gov/MARC21/slim">
 <record>
  <leader>01115nam a2200193 a 4500</leader>
  <controlfield tag="001">1/52615</controlfield>
  <controlfield tag="008">210622uuuuu    gr            000 | hai d</controlfield>
  <datafield tag="020" ind1=" " ind2=" ">
   <subfield code="a">9789609818308</subfield>
  </datafield>
  <datafield tag="040" ind1=" " ind2=" ">
   <subfield code="a">GR-PeUP</subfield>
  </datafield>
  <datafield tag="082" ind1="0" ind2="0">
   <subfield code="a">657.458 ΠΛΑ</subfield>
  </datafield>
  <datafield tag="245" ind1="0" ind2="3">
   <subfield code="a">Το πλαίσιο επαγγελματικής εφαρμογής. </subfield>
  </datafield>
  <datafield tag="260" ind1=" " ind2=" ">
   <subfield code="a">[Florida] :</subfield>
   <subfield code="b">Ελληνικό Ινστιτούτο Εσωτερικών Ελεγκτών,</subfield>
   <subfield code="c">[2005].</subfield>
  </datafield>
  <datafield tag="300" ind1=" " ind2=" ">
   <subfield code="a">506 σ. ;</subfield>
   <subfield code="c">23 εκ. </subfield>
  </datafield>
  <datafield tag="500" ind1=" " ind2=" ">
   <subfield code="a">Τίτλος πρωτοτύπου: The professional practicies framework.</subfield>
  </datafield>
  <datafield tag="500" ind1=" " ind2=" ">
   <subfield code="a">Από το εξώφυλλο: Περιλαμβάνει : Ορισμό εσωτερικού ελέγχου, Κώδικα δεοντολογίας, Διεθνή πρότυπα για την επαγγελματική εφαρμογή του εσωτερικού ελέγχου, Συμβουλευτικές οδηγίες.</subfield>
  </datafield>
  <datafield tag="650" ind1=" " ind2="0">
   <subfield code="a">Internal control </subfield>
   <subfield code="x">Manuals etc.</subfield>
  </datafield>
  <datafield tag="650" ind1=" " ind2="4">
   <subfield code="a">Εσωτερικός έλεγχος</subfield>
   <subfield code="x">Εγχειρίδια κλπ.</subfield>
  </datafield>
  <datafield tag="852" ind1=" " ind2=" ">
   <subfield code="a">INST</subfield>
   <subfield code="b">UNIPILB</subfield>
   <subfield code="c">MAIN</subfield>
   <subfield code="e">20210622</subfield>
   <subfield code="h">657.458 ΠΛΑ</subfield>
   <subfield code="p">00175935</subfield>
   <subfield code="q">00175935</subfield>
   <subfield code="t">LOAN</subfield>
   <subfield code="y">0</subfield>
   <subfield code="4">1</subfield>
  </datafield>
  <datafield tag="960" ind1=" " ind2=" ">
   <subfield code="a">ΑΛΜΠΑΝΗ ΤΑΝΙΑ</subfield>
  </datafield>
 </record>
</collection>
